Online
Catalog

Diagnóstico de pobreza de los hogares cafetaleros de la República Dominicana / (Record no. 37551)

MARC details
000 -CABECERA
campo de control de longitud fija 01064nam a2200277 a 4500
001 - NÚMERO DE CONTROL
campo de control 000038061
003 - IDENTIFICADOR DEL NÚMERO DE CONTROL
campo de control DO-SdBNP
005 - FECHA Y HORA DE LA ÚLTIMA TRANSACCIÓN
campo de control 20231121104623.0
008 - DATOS DE LONGITUD FIJA--INFORMACIÓN GENERAL
campo de control de longitud fija 130312s2012 dr abd 000 0 spa d
020 ## - NÚMERO INTERNACIONAL ESTÁNDAR DEL LIBRO
Número Internacional Estándar del Libro 9789945883404
040 ## - FUENTE DE LA CATALOGACIÓN
Centro catalogador/agencia de origen DO-SdBNP
Lengua de catalogación spa
Centro/agencia transcriptor BNPHU
082 #4 - NÚMERO DE LA CLASIFICACIÓN DECIMAL DEWEY
Número de clasificación 339.46
Número de documento/Ítem P426d
Número de edición 22
100 1# - ENTRADA PRINCIPAL--NOMBRE DE PERSONA
Nombre de persona Peralta, Sandy Susaña
9 (RLIN) 64456
245 10 - MENCIÓN DE TÍTULO
Título Diagnóstico de pobreza de los hogares cafetaleros de la República Dominicana /
Mención de responsabilidad, etc. Sandy Susaña Peralta ; prólogo, Fausto Burgos Mejía.
260 ## - PUBLICACIÓN, DISTRIBUCIÓN, ETC.
Lugar de publicación, distribución, etc. Santo Domingo :
Nombre del editor, distribuidor, etc. CODOCAFE,
Fecha de publicación, distribución, etc. 2012.
300 ## - DESCRIPCIÓN FÍSICA
Extensión 73 p. :
Otras características físicas il., gráf., mapas ;
Dimensiones 22 cm.
490 0# - MENCIÓN DE SERIE
Mención de serie Estudios socioeconómicos ;
Designación de volumen o secuencia 1
590 ## - NOTA LOCAL (RLIN)
Nota local Inventariado, 2018/BT
650 #4 - PUNTO DE ACCESO ADICIONAL DE MATERIA--TÉRMINO DE MATERIA
Término de materia o nombre geográfico como elemento de entrada Pobreza
Subdivisión geográfica República Dominicana
9 (RLIN) 2079
650 #4 - PUNTO DE ACCESO ADICIONAL DE MATERIA--TÉRMINO DE MATERIA
Término de materia o nombre geográfico como elemento de entrada Campesinos
Subdivisión geográfica República Dominicana
Subdivisión general Condiciones económicas
9 (RLIN) 9402
650 #4 - PUNTO DE ACCESO ADICIONAL DE MATERIA--TÉRMINO DE MATERIA
Término de materia o nombre geográfico como elemento de entrada Campesinos
Subdivisión geográfica República Dominicana
Subdivisión general Condiciones sociales
9 (RLIN) 64457
700 1# - PUNTO DE ACCESO ADICIONAL--NOMBRE DE PERSONA
Nombre de persona Burgos Mejía, Fausto
Término indicativo de función/relación pról.
9 (RLIN) 64458
710 2# - PUNTO DE ACCESO ADICIONAL--NOMBRE DE ENTIDAD CORPORATIVA
Nombre de entidad corporativa o nombre de jurisdicción como elemento de entrada Consejo Dominicano del Café
9 (RLIN) 22979
910 ## - DATOS DE OPCIÓN DEL USUARIO (OCLC)
Datos de opción del usuario Validado. Control de calidad MFF
942 ## - ELEMENTOS DE PUNTO DE ACCESO ADICIONAL (KOHA)
Fuente del sistema de clasificación o colocación Dewey Decimal Classification
Tipo de ítem Koha Libro
Holdings
Estado de retiro Estado de pérdida Fuente del sistema de clasificación o colocación Restricciones de uso No para préstamo Código de colección Localización permanente Ubicación/localización actual Ubicación en estantería Fecha de adquisición Número de inventario Total de préstamos Signatura topográfica completa Código de barras Fecha visto por última vez Número de copia Precio válido a partir de Tipo de ítem Koha
    Dewey Decimal Classification     Dominicana de Servicio Biblioteca Nacional Pedro Henríquez Ureña Biblioteca Nacional Pedro Henríquez Ureña Depósito 12.03.2013 LF1   BNPHU DS 339.46 P426d 38061-30 25.06.2020 e. 3 25.06.2020 Libro
    Dewey Decimal Classification Excluido de préstamo   Patrimonio Dominicano Biblioteca Nacional Pedro Henríquez Ureña Biblioteca Nacional Pedro Henríquez Ureña Depósito 12.03.2013 LF1   BNPHU PD 339.46 P426d 38061-10 25.06.2020   25.06.2020 Libro
    Dewey Decimal Classification     Patrimonio Dominicano Biblioteca Nacional Pedro Henríquez Ureña Biblioteca Nacional Pedro Henríquez Ureña Depósito 12.03.2013 LF1   BNPHU PD 339.46 P426d 38061-20 25.06.2020 e. 2 25.06.2020 Libro

Powered by Koha